000 00974nam a2200253 i 4500
001 bg
245 0 0 _aSymulacyjny model gospodarki Polski /
_cpod red. Jakuba Gutenbauma i Michała Inkielmana.
260 _aWarszawa :
_bPAN IBS,
_c1998.
300 _a328 s. :
_brys., wykr. ;
_c24 cm.
490 1 _aBadania Systemowe / Polska Akademia Nauk - Instytut Badań Systemowych,
_x0208-8029 ;
_vt. 20
504 _aBibliogr. s. 257-261. - Summ.
650 9 _aSymulacja
_xstosowanie
_xgospodarka
_zPolska
_yod 1989 r.
700 1 _aGutenbaum, Jakub
_d(1929- ).
_eRed.
700 1 _aINKIELMAN, Michał.
_eRed.
710 0 _aINSTYTUT BADAŃ SYSTEMOWYCH Polskiej Akademii Nauk (Warszawa)
830 0 _aBadania Systemowe (Polska Akademia Nauk - Instytut Badań Systemowych) ;
_vt. 20
020 _a8385847081
040 _cBPK
041 0 _apl
_ben
080 _a338.27(438)"1989/...":519.87
920 _a83-85847-08-1
942 _cKS
008 s pl f |000 0 pol
999 _c33237
_d33237
856 _uhttp://koha.tu.koszalin.pl/cgi-bin/koha/opac-detail.pl?biblionumber=33237
_yKatalog online BPK